000 00845nim a2200217 a 4500
005 20170215120801.0
008 140123b2003 ck ||||| |||| 00| 0 spa d
040 _aCO-BoIAVH
_cCO-BoIAVH
041 _aspa
090 _aS-
_b0003
100 1 _aCórdoba Córdoba, Sergio
_eautor
_94824
245 1 0 _aGuía sonora de las aves del departamento de Norte de Santander :
_bCucutilla, Toledo y Parque Nacional Natural Tamá
257 _aColombia
264 _aBogotá:
_bInstituto de Investigación de Recursos Biológicos Alexander von Humboldt. Colección de Sonidos Ambientales
_c2003.
300 _a1 DVD
_b51 archivos sonoros
650 1 _aAves
_zSantander (Dpto)
_zColombia
_979684
650 _aCanto de aves
_zSantander (Dpto)
_zColombia
_979685
700 1 _aAlvarez Rebolledo, Mauricio
_eautor
_94821
942 _cDVD
_2z
945 _d2004-10-20
999 _c4233
_d4233